01167nam a2200289 i 4500001000700000003000900007007000300016008004100019080001800060100003600078245022900114260003800343300002200381490002600403500002900429700003600458740002500494740002600519740002800545740003200573740002700605740002800632830004300660852003300703999001900736952012200755105685ES-MaACLt|060807s1959 ag ||||1| spa d a821.111-2"19"1 aSynge, John Millington.910897510aTeatro b: La sombra del valle ; Jinetes hacia el mar ; La boda del hojalatero ; El manantial de los santos ; El botarate del oeste ; Deirdre de los dolores / cJohn M. Synge ; traducción directa de Marta Acosta van Praet. aBuenos Aires : bLosada, c[1959] a245 p. ; c21 cm.1 aGran teatro del mundo aBiblioteca Juan Andrade.1 aAcosta van Praet, Marta.9183223 aLa sombra del valle.0 aJinetes hacia el mar.3 aLa boda del hojalatero.3 aEl manantial de los santos.3 aEl botarate del oeste.0 aDeirdre de los dolores.00aGran teatro del mundo (Losada)9184853 aES-MaACLjAND-498 bR.109811 c105685d105685 00104070aATENEOMbATENEOMcDEPO2d2008-01-17eSCl0oAND-498p1110337r2023-02-23 00:00:00w2023-02-23yMONOGRAFIA